Statistics for nfl 2018 draft 1 round

Click here to take the quiz!

General Stats

  • This quiz has been taken 13 times
  • The average score is 9 of 32

Answer Stats

HintAnswer% Correct
1Baker Mayfield
92%
32Lamar Jackson
77%
3Sam Darnold
77%
7Josh Allen
62%
2Saquon Barkley
54%
5Bradley Chubb
46%
10Josh Rosen
46%
4Denzel Ward
38%
8Roquan Smith
38%
25Hayden Hurst
31%
11Minkah Fitzpatrick
31%
6Quenton Nelson
31%
18Jaire Alexander
23%
28Terrell Edmunds
23%
16Tremaine Edmunds
23%
12Vita Vea
23%
21Billy Price
15%
26Calvin Ridley
15%
13Daron Payne
15%
17Derwin James
15%
20Frank Ragnow
15%
19Leighton Vander Esch
15%
14Marcus Davenport
15%
9Mike McGlinchey
15%
27Rashaad Penny
15%
22Rashaan Evans
15%
24D. J. Moore
8%
23Isaiah Wynn
8%
15Kolton Miller
8%
30Mike Hughes
8%
31Sony Michel
8%
29Taven Bryan
8%

Score Distribution

Percentile by Number Answered

Percent of People with Each Score

Your Score History

You have not taken this quiz